000 00501nam a2200181Ia 4500
005 20250326124009.0
008 250326s9999 xx 000 0 und d
037 _aTextbook
040 _aFMSL
_beng
_cFMSL
041 _aeng
_2eng
084 _aX K9
_qFMSL
100 _aKatz J M
_9736578
245 0 _aProduction functions, foreign investment and growth
_cKatz J M
260 _aLondon
_bLondon, North-Holland
_c1969
300 _a205p
942 _cTB
_hX K9
999 _c1271813
_d1271813